[Event "Ruhrgebiet Verbandsliga1 1213"]
[Site "Nordrheinwestfalen"]
[Date "2012.09.02"]
[Round "1.4"]
[White "Raygrotzki, Norbert"]
[Black "Voigt, Felix"]
[Result "1/2-1/2"]
[WhiteElo "1836"]
[BlackElo "2044"]
[PlyCount "45"]
[EventDate "2012.09.02"]
[EventType "team-tourn"]
[EventRounds "9"]
[EventCountry "GER"]
[SourceTitle "EXT 2020"]
[Source "ChessBase"]
[SourceDate "2019.10.17"]
[SourceVersion "1"]
[SourceVersionDate "2019.10.17"]
[SourceQuality "1"]
[WhiteTeam "Oberhausen SV III"]
[BlackTeam "Dortmund FS 98"]
[WhiteTeamCountry "GER"]
[BlackTeamCountry "GER"]

1. c4 c6 2. Nf3 d5 3. g3 Nf6 4. Bg2 Bf5 5. cxd5 cxd5 6. Nc3 e6 7. Qb3 Qc8 8. d3 Nc6 9. Bf4 Bb4 10. Rc1 0-0 11. 0-0 Be7 12. Na4 Bg4 13. e4 Bxf3 14. Bxf3 Qd7 15. Nc5 Bxc5 16. Rxc5 Nd4 17. Qd1 Nxf3+ 18. Qxf3 Rfc8 19. Rfc1 Rxc5 20. Rxc5 Rc8 21. Rxc8+ Qxc8 22. Be5 dxe4 23. dxe4 1/2-1/2

[Event "Ruhrgebiet VK1 1112"]
[Site "Nordrheinwestfalen"]
[Date "2011.11.13"]
[Round "3.3"]
[White "Fink, Norbert"]
[Black "Voigt, Felix"]
[Result "0-1"]
[WhiteElo "2025"]
[BlackElo "2010"]
[PlyCount "112"]
[EventDate "2012.09.18"]
[EventType "team-tourn"]
[EventRounds "9"]
[EventCountry "GER"]
[SourceTitle "EXT 2020"]
[Source "ChessBase"]
[SourceDate "2019.10.17"]
[SourceVersion "1"]
[SourceVersionDate "2019.10.17"]
[SourceQuality "1"]
[WhiteTeam "Listiger Bauer Essen"]
[BlackTeam "Dortmund FS 98"]
[WhiteTeamCountry "GER"]
[BlackTeamCountry "GER"]

1. e4 c6 2. d4 d5 3. e5 Bf5 4. g4 Bd7 5. Bg2 h5 6. h3 hxg4 7. hxg4 Rxh1 8. Bxh1 e6 9. Be3 Qb6 10. Nd2 c5 11. dxc5 Qxb2 12. f4 Qc3 13. Bf2 Bxc5 14. Ne2 Bxf2+ 15. Kxf2 Qc5+ 16. Kg3 Qe3+ 17. Bf3 g5 18. fxg5 Qxg5 19. Nb3 Qxe5+ 20. Kg2 Bc6 21. Qd2 Ne7 22. Re1 Ng6 23. Ned4 Qf4 24. Qc3 Nd7 25. Nxc6 Nh4+ 26. Kf2 Qxf3+ 27. Qxf3 Nxf3 28. Kxf3 bxc6 29. g5 Ke7 30. Nd4 c5 31. Nf5+ Kf8 32. Rh1 Ne5+ 33. Ke2 Ng6 34. Nh6 Ke7 35. Rb1 Rd8 36. Rb7+ Rd7 37. Rxd7+ Kxd7 38. Nxf7 Ke7 39. Nh6 e5 40. Kf3 Ke6 41. Ke3 Nh4 42. Kd3 e4+ 43. Ke2 d4 44. Ng4 Kf5 45. Nf6 Ng6 46. a4 Nf4+ 47. Ke1 e3 48. Ne8 Kxg5 49. a5 Kf5 50. a6 Ke5 51. Nc7 Nd5 52. Nb5 Nb4 53. c3 Nxa6 54. cxd4+ cxd4 55. Nxa7 d3 56. Nb5 Nb4 0-1

[Event "Ruhrgebiet VL2 0910"]
[Site "Germany"]
[Date "2009.10.25"]
[Round "3.6"]
[White "Kneip, Karl"]
[Black "Voigt, Felix"]
[Result "0-1"]
[WhiteElo "1776"]
[BlackElo "1988"]
[PlyCount "118"]
[EventDate "2009.09.06"]
[EventType "team-tourn"]
[EventRounds "9"]
[EventCountry "GER"]
[SourceTitle "EXT 2011"]
[Source "ChessBase"]
[SourceDate "2010.11.26"]
[SourceVersion "1"]
[SourceVersionDate "2010.11.26"]
[SourceQuality "1"]
[WhiteTeam "Horst Emscher II"]
[BlackTeam "Dortmund FS 98"]
[WhiteTeamCountry "GER"]
[BlackTeamCountry "GER"]

1. e4 c6 2. d4 d5 3. e5 Bf5 4. Bd3 Bxd3 5. Qxd3 e6 6. Nf3 Qa5+ 7. c3 Qa6 8. Qd1 c5 9. dxc5 Bxc5 10. Nd4 Ne7 11. Nb3 Nd7 12. Qe2 Qxe2+ 13. Kxe2 h5 14. h4 Bb6 15. f4 Nf5 16. Rh3 Bd8 17. g3 Bb6 18. Na3 Rc8 19. Bd2 0-0 20. Nc2 Rc4 21. Kf3 Nc5 22. Nxc5 Rxc5 23. Ne3 Nh6 24. Rhh1 Rc6 25. Nc2 Nf5 26. Rhe1 Rd8 27. Rad1 Kh7 28. Ne3 Bxe3 29. Bxe3 a6 30. Bd4 Rdc8 31. Re2 Kg6 32. a3 Nh6 33. Red2 Kf5 34. Rd3 Rc4 35. R1d2 R4c6 36. Rg2 Kg6 37. Rf2 Nf5 38. Rfd2 a5 39. Bf2 b5 40. Rd1 Rb8 41. Be1 Rb7 42. Kf2 Rc8 43. Kf3 Ne7 44. Bd2 Nc6 45. Be1 b4 46. axb4 axb4 47. Ke3 Na5 48. Kf3 Nc4 49. Rb1 b3 50. Bf2 Ra8 51. Rd4 Kf5 52. Rdd1 Ra2 53. Be3 Rxb2 54. Rxb2 Nxb2 55. Rg1 Nc4 56. g4+ hxg4+ 57. Rxg4 f6 58. exf6 gxf6 59. Rg1 b2 0-1

[Event "Dortmund FSV op"]
[Site "Dortmund"]
[Date "2006.04.20"]
[Round "9"]
[White "Voigt, Felix"]
[Black "Grube, Joerg"]
[Result "1/2-1/2"]
[WhiteElo "1784"]
[BlackElo "1776"]
[PlyCount "45"]
[EventDate "2006.01.19"]
[EventType "swiss"]
[EventRounds "9"]
[EventCountry "GER"]
[SourceTitle "EXT 2007"]
[Source "ChessBase"]
[SourceDate "2006.11.23"]
[SourceVersion "1"]
[SourceVersionDate "2006.11.23"]
[SourceQuality "1"]

1. c4 Nf6 2. g3 g6 3. Bg2 Bg7 4. Nc3 0-0 5. d3 d6 6. Bg5 h6 7. Bd2 e5 8. e4 Nc6 9. Nge2 Be6 10. 0-0 Qd7 11. Nd5 h5 12. Bh6 Ng4 13. Bxg7 Kxg7 14. h3 Nh6 15. Kh2 f5 16. Qd2 Rf7 17. f3 Raf8 18. b4 Ne7 19. d4 c6 20. Nxe7 Qxe7 21. d5 cxd5 22. cxd5 Bc8 23. Qc3 1/2-1/2

[Event "Dortmund ABC Aufstreber 16th"]
[Site "Dortmund"]
[Date "2001.10.26"]
[Round "4"]
[White "Ezzat, Tarik"]
[Black "Voigt, Felix"]
[Result "0-1"]
[WhiteElo "1513"]
[BlackElo "1514"]
[PlyCount "90"]
[EventDate "2001.??.??"]
[EventType "tourn"]
[EventRounds "13"]
[EventCountry "GER"]
[SourceTitle "EXT 2003"]
[Source "ChessBase"]
[SourceDate "2002.11.25"]
[SourceVersion "1"]
[SourceVersionDate "2002.11.25"]
[SourceQuality "1"]

1. e4 c6 2. d4 d5 3. e5 Bf5 4. Bd3 Bxd3 5. Qxd3 Qa5+ 6. Nc3 Qa6 7. Qd1 e6 8. Nge2 c5 9. 0-0 Nc6 10. f4 Nh6 11. Kh1 cxd4 12. Nb1 Nf5 13. Rf3 Bc5 14. a3 0-0 15. c3 dxc3 16. Nbxc3 Ncd4 17. Nxd4 Bxd4 18. Bd2 Rfc8 19. g4 Ne7 20. Rh3 Bxc3 21. Bxc3 Qc4 22. Qf1 Qxf1+ 23. Rxf1 Rc4 24. Rd3 Rac8 25. Bd4 a6 26. h4 Rc1 27. Rdd1 Rxd1 28. Rxd1 Ng6 29. f5 Nxh4 30. f6 gxf6 31. exf6 Nf3 32. Bc3 Rc4 33. Kg2 Ng5 34. Bd4 h6 35. Kg3 Kh7 36. b3 Rc2 37. Kf4 Kg6 38. Rd3 Ne4 39. Ke5 Nxf6 40. Kd6 Ne4+ 41. Ke7 Rd2 42. Rxd2 Nxd2 43. b4 Nc4 44. a4 e5 45. Bc5 d4 0-1

[Event "Dortmund ABC Aufstreber 16th"]
[Site "Dortmund"]
[Date "2001.09.27"]
[Round "1"]
[White "Voigt, Felix"]
[Black "Lischer, Thorsten"]
[Result "1-0"]
[WhiteElo "1514"]
[BlackElo "1395"]
[PlyCount "77"]
[EventDate "2001.??.??"]
[EventType "tourn"]
[EventRounds "13"]
[EventCountry "GER"]
[SourceTitle "EXT 2003"]
[Source "ChessBase"]
[SourceDate "2002.11.25"]
[SourceVersion "1"]
[SourceVersionDate "2002.11.25"]
[SourceQuality "1"]

1. c4 e5 2. g3 Bc5 3. Bg2 Nc6 4. Nc3 Nf6 5. a3 0-0 6. e3 Be7 7. Nge2 d6 8. 0-0 Be6 9. Nd5 Re8 10. Nec3 Na5 11. Qa4 c6 12. Nxe7+ Rxe7 13. d3 Bd7 14. b4 Nxc4 15. dxc4 c5 16. Qb3 cxb4 17. Qxb4 Be6 18. Nd5 Bxd5 19. cxd5 a5 20. Qb5 Rc8 21. Bb2 Rc5 22. Qb3 Qe8 23. Rab1 Rb5 24. Qa4 Nxd5 25. Bxd5 Rxd5 26. Qxe8+ Rxe8 27. Bc3 Rc5 28. Rfc1 Rb8 29. Be1 b6 30. Rxc5 dxc5 31. Bxa5 b5 32. Bc7 Rb7 33. Bxe5 f6 34. Bd6 c4 35. Bb4 Kf7 36. Rd1 Rc7 37. Kf1 Ke6 38. Ke2 c3 39. Rc1 1-0

[Event "Dortmund2"]
[Site "Dortmund"]
[Date "2001.05.25"]
[Round "7"]
[White "Voigt, Felix"]
[Black "Gerke, Dieter"]
[Result "1-0"]
[WhiteElo "1411"]
[BlackElo "1449"]
[PlyCount "59"]
[EventDate "2001.04.25"]
[EventType "tourn"]
[EventRounds "13"]
[EventCountry "GER"]
[SourceTitle "EXT 2007"]
[Source "ChessBase"]
[SourceDate "2006.11.23"]
[SourceVersion "1"]
[SourceVersionDate "2006.11.23"]
[SourceQuality "1"]

1. f4 d5 2. b3 Bg4 3. h3 Bf5 4. Bb2 e6 5. Nf3 Nf6 6. d3 Bd6 7. e3 c5 8. Nbd2 Nbd7 9. Ne5 h5 10. Be2 Qc7 11. Nxd7 Nxd7 12. Bxh5 Nf6 13. Bf3 e5 14. e4 dxe4 15. dxe4 Bg6 16. f5 Bh5 17. g4 c4 18. Nxc4 Bb4+ 19. c3 Rd8 20. Qe2 Bxg4 21. hxg4 Rxh1+ 22. Bxh1 Qc5 23. cxb4 Qg1+ 24. Qf1 Qg3+ 25. Qf2 Qxg4 26. Bf3 Qh3 27. Rd1 Rxd1+ 28. Kxd1 Ng4 29. Bxg4 Qxg4+ 30. Qe2 1-0

[Event "Dortmund2"]
[Site "Dortmund"]
[Date "2001.05.11"]
[Round "4"]
[White "Szablewicz, Christof"]
[Black "Voigt, Felix"]
[Result "0-1"]
[WhiteElo "1369"]
[BlackElo "1411"]
[PlyCount "70"]
[EventDate "2001.04.25"]
[EventType "tourn"]
[EventRounds "13"]
[EventCountry "GER"]
[SourceTitle "EXT 2007"]
[Source "ChessBase"]
[SourceDate "2006.11.23"]
[SourceVersion "1"]
[SourceVersionDate "2006.11.23"]
[SourceQuality "1"]

1. e4 c6 2. f4 d5 3. e5 Bf5 4. d4 e6 5. Nf3 c5 6. Bb5+ Nc6 7. Bxc6+ bxc6 8. 0-0 Nh6 9. c3 cxd4 10. cxd4 c5 11. Kh1 cxd4 12. Qxd4 Bxb1 13. Rxb1 Nf5 14. Qa4+ Qd7 15. Qxd7+ Kxd7 16. g4 Ne7 17. Be3 Nc6 18. a3 Be7 19. b4 a6 20. Nd4 Nxd4 21. Bxd4 h5 22. g5 g6 23. h4 Rhc8 24. Rbc1 Rxc1 25. Rxc1 Rc8 26. Rxc8 Kxc8 27. Bc3 a5 28. Kg2 axb4 29. axb4 Kb7 30. Kf3 Kb6 31. Ke3 Kb5 32. Kd3 Bxb4 33. Bxb4 Kxb4 34. Kd4 Kb5 35. Ke3 Kc4 0-1